[Event "Championnat de France - Open D"]
[Site "Belfort - SNPHHUATVS"]
[Date "2010.08.19"]
[Round "9.6"]
[White "Delzant, Pierre-Richard"]
[Black "Sauvage, Thierry"]
[Result "0-1"]
[WhiteElo "1380"]
[BlackElo "1466"]
[PlyCount "94"]
[EventDate "2010.??.??"]

1. c4 f5 2. Nc3 Nf6 3. Nf3 d6 4. d4 g6 5. g3 Bg7 6. Bg2 e6 7. O-O O-O 8. b3 c6
9. Bb2 Qe7 10. e3 Nbd7 11. d5 cxd5 12. cxd5 e5 13. Rb1 e4 14. Ne1 h5 15. Nb5
Nb6 16. Bxf6 Bxf6 17. Rc1 Bd7 18. Nc3 h4 19. Qd2 Bxc3 20. Rxc3 Bb5 21. f3 Bxf1
22. Kxf1 hxg3 23. hxg3 Rac8 24. Rxc8 Rxc8 25. fxe4 fxe4 26. Qd4 Qf7+ 27. Kg1
Rc1 28. Qd2 Rc7 29. Bxe4 Nd7 30. Nf3 Nf6 31. Ng5 Qe8 32. Bg2 Qe5 33. Ne6 Rc3
34. Qd4 Qxe3+ 35. Qxe3 Rxe3 36. Kh2 Ng4+ 37. Kh3 Nf2+ 38. Kh2 Rc3 39. Nd8 Rc7
40. a4 Nd3 41. Be4 Ne5 42. b4 Rc4 43. Bg2 Rxb4 44. a5 Nd7 45. Bh3 Rb2+ 46. Kh1
Nc5 47. Ne6 Nb3 0-1

[Event "Championnat de France - Open D"]
[Site "Belfort - SNPHHUATVS"]
[Date "2010.08.19"]
[Round "9.7"]
[White "Carre, Pierre-Jean"]
[Black "Santacreu, Antoine"]
[Result "0-1"]
[WhiteElo "1310"]
[BlackElo "1460"]
[PlyCount "84"]
[EventDate "2010.??.??"]

1. e4 e5 2. d4 exd4 3. c3 Nc6 4. cxd4 d5 5. e5 Bf5 6. Nf3 Nb4 7. Qa4+ c6 8. Na3
f6 9. Bd2 Qb6 10. Be2 Nd3+ 11. Bxd3 Bxd3 12. Qb3 Qxb3 13. axb3 O-O-O 14. O-O-O
Re8 15. Bf4 Be4 16. Rhe1 Bb4 17. Re2 Ne7 18. Nc2 Ba5 19. b4 Bc7 20. b5 Ng6 21.
Bg3 fxe5 22. dxe5 Re7 23. bxc6 bxc6 24. Nfd4 Kb7 25. f3 Bxc2 26. Rxc2 Nxe5 27.
Bxe5 Bxe5 28. Nxc6 Re6 29. Na5+ Ka8 30. Rxd5 Bxh2 31. Rd7 Rhe8 32. Kb1 Ra6 33.
b4 Rb8 34. Rb2 Be5 35. Nc4 Bxb2 36. Nxb2 Rxb4 37. Rd8+ Kb7 38. Rd2 Rab6 39. Kc1
Rxb2 40. Rxb2 Rxb2 41. Kxb2 Kb6 42. g4 Kc5 0-1

[Event "Championnat de France - Open D"]
[Site "Belfort - SNPHHUATVS"]
[Date "2010.08.19"]
[Round "9.8"]
[White "Vasilescu, Viorica"]
[Black "Masson, Sylvain"]
[Result "1-0"]
[WhiteElo "1428"]
[BlackElo "1310"]
[PlyCount "65"]
[EventDate "2010.??.??"]

1. c4 Nf6 2. Nc3 g6 3. Nf3 Bg7 4. g3 O-O 5. Bg2 d6 6. d3 Bg4 7. O-O Nbd7 8. h3
Bxf3 9. Bxf3 c6 10. Rb1 Qc7 11. Bd2 Rac8 12. Qc1 a6 13. Bh6 Ne5 14. Bxg7 Nxf3+
15. exf3 Kxg7 16. Ne4 Nxe4 17. fxe4 f5 18. exf5 Rxf5 19. Qc3+ e5 20. d4 Rcf8
21. dxe5 dxe5 22. Rbe1 Kg8 23. Kg2 h5 24. Qe3 Kh7 25. Qe4 g5 26. g4 hxg4 27.
hxg4 Kg6 28. gxf5+ Rxf5 29. Re3 Qh7 30. Rg3 Kf6 31. Qg4 Qg6 32. Rh1 b5 33. Qh5
1-0

[Event "Championnat de France - Open D"]
[Site "Belfort - SNPHHUATVS"]
[Date "2010.08.19"]
[Round "9.9"]
[White "Ulloa, Philippe"]
[Black "Dalicieux, Amandine"]
[Result "1-0"]
[WhiteElo "1485"]
[BlackElo "1410"]
[PlyCount "170"]
[EventDate "2010.??.??"]

1. d4 Nf6 2. c4 e6 3. a3 d5 4. e3 c5 5. Nf3 a6 6. Be2 dxc4 7. Bxc4 b5 8. Be2
Bb7 9. O-O Nbd7 10. Nbd2 Be7 11. b4 cxd4 12. Nxd4 Qb6 13. Bb2 Rc8 14. N4f3 O-O
15. Bd4 Qc7 16. Qb3 Bd6 17. h3 Rfe8 18. Bb2 Ne4 19. Rfc1 Qb8 20. Nf1 Ndf6 21.
Qd1 Red8 22. Qe1 Bd5 23. N3h2 h6 24. Bf3 Nh7 25. Rxc8 Qxc8 26. Bxe4 Bxe4 27. f3
Bb7 28. f4 Be7 29. Ng4 Qc2 30. Qf2 Qf5 31. Qg3 Qg6 32. Bd4 Nf6 33. Nxf6+ Bxf6
34. Qxg6 fxg6 35. Rd1 e5 36. fxe5 Bxe5 37. Nh2 h5 38. Nf3 Bxf3 39. gxf3 Bxd4
40. Rxd4 Rc8 41. Rd3 Kf7 42. f4 Ke6 43. Kf2 Rc6 44. Kf3 Kf6 45. h4 Re6 46. e4
Re7 47. Rd6+ Re6 48. e5+ Kf5 49. Rd7 Rc6 50. Rd3 Rc4 51. Re3 Rxf4+ 52. Kg3 g5
53. hxg5 Kxg5 54. e6 Rf8 55. e7 Re8 56. Re5+ Kf6 57. Kf4 g6 58. Re3 Rxe7 59.
Rg3 Rg7 60. Rg5 h4 61. Rc5 g5+ 62. Kg4 Re7 63. Rf5+ Ke6 64. Rxg5 Rh7 65. Kh3
Kf6 66. Rc5 Rh6 67. Rc6+ Kg7 68. Rxh6 Kxh6 69. Kxh4 Kg6 70. Kg4 Kf6 71. Kf4 Ke6
72. Ke4 Kd6 73. Kd4 Kc6 74. Ke5 Kb6 75. Kd6 Kb7 76. Kd7 Kb6 77. Kc8 a5 78. Kb8
axb4 79. axb4 Kc6 80. Ka7 Kc7 81. Ka6 Kc6 82. Ka5 Kb7 83. Kxb5 Kc7 84. Ka6 Kc8
85. Ka7 Kc7 1-0

[Event "Championnat de France - Open D"]
[Site "Belfort - SNPHHUATVS"]
[Date "2010.08.19"]
[Round "9.10"]
[White "Belluire, Beatrice"]
[Black "Raffaelli, Alain"]
[Result "1-0"]
[WhiteElo "1410"]
[BlackElo "1464"]
[PlyCount "157"]
[EventDate "2010.??.??"]

1. e4 e5 2. Bc4 Bc5 3. d3 Nc6 4. Nc3 a6 5. Nf3 d6 6. h3 Bd7 7. a3 Nf6 8. Bg5 h6
9. Bh4 g5 10. Bg3 Qe7 11. Qd2 Be6 12. Nd5 Nxd5 13. exd5 e4 14. dxe4 Ne5 15.
Nxe5 dxe5 16. dxe6 b5 17. exf7+ Kf8 18. Ba2 Rd8 19. Qe2 b4 20. O-O bxa3 21.
bxa3 a5 22. Qa6 Rd6 23. Qc8+ Rd8 24. Qe6 Qxe6 25. Bxe6 Rh7 26. Bxe5 h5 27. Bxc7
Ra8 28. Bd5 Ra7 29. Bb8 Rd7 30. Rad1 Rh6 31. e5 Rb6 32. e6 Re7 33. Be5 Bxa3 34.
Rd3 Bc5 35. Rc3 Rb5 36. Bc6 Rxe6 37. Bxb5 Rxe5 38. Rc4 Kxf7 39. c3 Bd6 40. Rd1
Bb8 41. Rc6 Re7 42. Bc4+ Kg7 43. Kf1 Bf4 44. Re1 Rd7 45. Bb5 Ra7 46. Ra6 Rc7
47. Rxa5 Bd2 48. Re6 Bxc3 49. Raa6 Kf8 50. Rac6 Rb7 51. Rxc3 Rxb5 52. Rc7 Rb1+
53. Ke2 Rb2+ 54. Kd3 Rb3+ 55. Kc2 Ra3 56. Rb6 Ra8 57. Kb3 Rd8 58. Kc4 Kg8 59.
g3 Re8 60. f4 h4 61. Rg6+ Kf8 62. Rxg5 Re4+ 63. Kd5 Ra4 64. Ke5 Ra5+ 65. Kf6
Ra6+ 66. Kf5 Ra5+ 67. Kg4 Ra6 68. Kxh4 Rh6+ 69. Kg4 Re6 70. Rb5 Re8 71. h4 Kg8
72. h5 Kh8 73. Kg5 Rg8+ 74. Kh6 Re8 75. Rb6 Kg8 76. Rf6 Kh8 77. Rg6 Re7 78.
Rc8+ Re8 79. Rxe8# 1-0

[Event "Championnat de France - Open D"]
[Site "Belfort - SNPHHUATVS"]
[Date "2010.08.20"]
[Round "10.1"]
[White "Baillie, Andre"]
[Black "Fissore, Alexis"]
[Result "0-1"]
[WhiteElo "1468"]
[BlackElo "1499"]
[PlyCount "64"]
[EventDate "2010.??.??"]

1. f4 d5 2. Nf3 g6 3. e3 Bg7 4. d4 Nf6 5. Bd3 O-O 6. O-O b6 7. Nbd2 Bb7 8. Ne5
Nbd7 9. Qe1 e6 10. Qh4 c5 11. c4 cxd4 12. exd4 dxc4 13. Nexc4 Qc7 14. Ne5 Rfd8
15. Ndf3 Nd5 16. Ng5 N7f6 17. Nexf7 Rf8 18. Nh6+ Bxh6 19. Qxh6 Rae8 20. Rf3 Re7
21. Rh3 Nxf4 22. Nxe6 Nxh3+ 23. Qxh3 Qd7 24. Bc4 Kh8 25. Bg5 Rxe6 26. Qxe6
Qxd4+ 27. Kh1 Qxb2 28. Bxf6+ Qxf6 29. Qxf6+ Rxf6 30. Rd1 Rc6 31. Rd8+ Kg7 32.
Rd7+ Kh6 0-1

[Event "Championnat de France - Open D"]
[Site "Belfort - SNPHHUATVS"]
[Date "2010.08.20"]
[Round "10.2"]
[White "Sauvage, Thierry"]
[Black "Faure, Baptiste"]
[Result "0-1"]
[WhiteElo "1466"]
[BlackElo "1460"]
[PlyCount "52"]
[EventDate "2010.??.??"]

1. d4 Nf6 2. c4 e6 3. Nc3 c5 4. Nf3 cxd4 5. Qxd4 Nc6 6. Qd1 Be7 7. e3 O-O 8.
Be2 a6 9. O-O Qc7 10. a3 Rd8 11. Qc2 Ng4 12. h3 Nge5 13. Ne4 Nxf3+ 14. Bxf3 Ne5
15. Be2 d5 16. Nd2 dxc4 17. f4 Ng6 18. Qxc4 Qxc4 19. Nxc4 b5 20. Nd2 Bb7 21.
Nb3 Nh4 22. g4 Rac8 23. Kh2 Rc2 24. Nd4 Rxd4 25. exd4 Rxe2+ 26. Kg3 Rg2# 0-1

[Event "Championnat de France - Open D"]
[Site "Belfort - SNPHHUATVS"]
[Date "2010.08.20"]
[Round "10.3"]
[White "Santacreu, Antoine"]
[Black "Ottl, Eric"]
[Result "0-1"]
[WhiteElo "1460"]
[BlackElo "1410"]
[PlyCount "78"]
[EventDate "2010.??.??"]

1. e4 e5 2. Nf3 Nc6 3. Bc4 Nf6 4. Ng5 d5 5. exd5 Na5 6. Bb5+ c6 7. dxc6 bxc6 8.
Qf3 h6 9. Ne4 Nxe4 10. Qxe4 Qd6 11. b4 f5 12. Qe2 cxb5 13. bxa5 a6 14. O-O g6
15. Re1 e4 16. d3 Bg7 17. c3 O-O 18. dxe4 Qc6 19. Bb2 Bb7 20. Nd2 Rfe8 21. f3
fxe4 22. Nxe4 Re6 23. Red1 Qc8 24. Qd3 Bxe4 25. fxe4 b4 26. Qd7 Qc5+ 27. Kh1
Rae8 28. Rf1 R6e7 29. Qd5+ Qxd5 30. exd5 Re2 31. Bc1 bxc3 32. Ba3 c2 33. Rac1
h5 34. Kg1 Bh6 35. Ra1 Bd2 36. Bc1 Bxc1 37. Raxc1 Rd2 38. h3 Ree2 39. Rf2 Rxf2
0-1

[Event "Championnat de France - Open D"]
[Site "Belfort - SNPHHUATVS"]
[Date "2010.08.20"]
[Round "10.4"]
[White "Finkel, Anne-Sophie"]
[Black "Vasilescu, Viorica"]
[Result "0-1"]
[WhiteElo "1390"]
[BlackElo "1428"]
[PlyCount "70"]
[EventDate "2010.??.??"]

1. e4 e6 2. d4 d5 3. e5 c5 4. c3 Qb6 5. a3 Nc6 6. Nf3 cxd4 7. cxd4 Nge7 8. b4
Nf5 9. Be3 Nxe3 10. fxe3 Be7 11. Bd3 h6 12. Nbd2 Bd7 13. O-O O-O 14. Qe1 a6 15.
Qg3 Rac8 16. Nb3 Na7 17. Rf2 Nb5 18. Nfd2 Nc3 19. Raf1 Bb5 20. Bxb5 Qxb5 21.
Qg4 b6 22. Qh5 Qe8 23. Rc1 f5 24. Qxe8 Rfxe8 25. Kf1 Bg5 26. Rf3 Ne4 27. Nxe4
Rxc1+ 28. Nxc1 fxe4 29. Rg3 Rc8 30. Ne2 Rc2 31. a4 Ra2 32. a5 bxa5 33. bxa5
Rxa5 34. Kf2 Ra1 35. Rg4 Ra2 0-1

[Event "Championnat de France - Open D"]
[Site "Belfort - SNPHHUATVS"]
[Date "2010.08.20"]
[Round "10.5"]
[White "Rambeaux, Solene"]
[Black "Valentin, Olivier"]
[Result "0-1"]
[WhiteElo "1500"]
[BlackElo "1430"]
[PlyCount "118"]
[EventDate "2010.??.??"]

1. d4 Nf6 2. c4 c5 3. e3 d6 4. Nf3 Bf5 5. Nc3 Nbd7 6. g3 e6 7. Qe2 Be7 8. Bg2
Ne4 9. O-O Nxc3 10. bxc3 Be4 11. Bd2 O-O 12. a4 Nf6 13. Ng5 Bxg2 14. Kxg2 h6
15. Nf3 d5 16. Rab1 b6 17. Ne5 Bd6 18. Nd3 Rc8 19. Nb2 Ne4 20. f3 Nxd2 21. Qxd2
cxd4 22. cxd4 dxc4 23. Rbc1 Ba3 24. Qc3 Bxb2 25. Qxb2 Qd7 26. Qa2 c3 27. Rf2
Rc6 28. Rfc2 Rfc8 29. Qb3 Qd5 30. Qxd5 exd5 31. Kf2 Rc4 32. Ra1 Rb4 33. Ke2 Rb2
34. Rxb2 cxb2 35. Rb1 Rc2+ 36. Kd3 Rxh2 37. e4 dxe4+ 38. fxe4 Rg2 39. Kc4 a6
40. d5 Kf8 41. d6 Ke8 42. e5 Kd7 43. Kd3 Rxg3+ 44. Ke4 Rg2 45. Kd5 h5 46. Rf1
Rd2+ 47. Ke4 Ke6 48. Ke3 Rc2 49. Rb1 g5 50. Kf3 h4 51. Kg4 Rd2 52. Rf1 Kxe5 53.
Rf5+ Kxd6 54. Rf6+ Kc5 55. Rf5+ Rd5 56. Rf1 Kb4 57. Rb1 Rd2 58. Kf3 Ka3 59. Ke3
Rh2 0-1

[Event "Championnat de France - Open D"]
[Site "Belfort - SNPHHUATVS"]
[Date "2010.08.20"]
[Round "10.6"]
[White "Roux, Jean-Marie"]
[Black "Sonet, Kelly"]
[Result "0-1"]
[WhiteElo "1490"]
[BlackElo "1430"]
[PlyCount "116"]
[EventDate "2010.??.??"]

1. e4 e5 2. Nf3 Nc6 3. Nc3 Be7 4. Bc4 Nf6 5. d3 O-O 6. Be3 d6 7. Qd2 Bg4 8. b3
Be6 9. Bxe6 fxe6 10. g4 d5 11. exd5 exd5 12. Ne2 d4 13. Bg5 Nd7 14. Bxe7 Qxe7
15. Ng5 Nc5 16. Ng3 Rf4 17. O-O-O Qxg5 18. Kb1 Qe7 19. Nf5 Qf7 20. Rdg1 Ne7 21.
Qe2 Nxf5 22. Qxe5 Nd7 23. Qxf4 Nd6 24. Qxd4 Nb5 25. Qe3 Re8 26. Qd2 Nd4 27. Rf1
Re2 28. Qc3 Nxc2 29. Rc1 Qf3 30. a3 Ne5 31. Qxc7 h6 32. Qc8+ Kh7 33. Qf5+ Qxf5
34. gxf5 Nd4 35. Rc7 Nxf5 36. Rc5 Nd4 37. Rc7 Nxd3 38. Rxb7 Rxf2 39. Rg1 Nf5
40. Rf7 Rb2+ 41. Ka1 Rf2 42. Rxa7 Kg8 43. Kb1 Rb2+ 44. Ka1 g5 45. Rd1 Rxb3 46.
a4 Nd4 47. Rc7 Ra3+ 48. Kb1 Rb3+ 49. Ka1 Ne6 50. Ra7 Nec5 51. a5 Rb2 52. Rxd3
Nxd3 53. Rc7 Rb4 54. a6 Ra4+ 55. Kb1 Rxa6 56. Kc2 Nf2 57. Rc3 Kg7 58. Kd2 Ne4+
0-1

[Event "Championnat de France - Open D"]
[Site "Belfort - SNPHHUATVS"]
[Date "2010.08.20"]
[Round "10.7"]
[White "Ragon, Philippe"]
[Black "Ulloa, Philippe"]
[Result "1-0"]
[WhiteElo "1400"]
[BlackElo "1485"]
[PlyCount "89"]
[EventDate "2010.??.??"]

1. Nf3 d5 2. b3 Nd7 3. Bb2 Ngf6 4. e3 a6 5. c4 c6 6. Be2 e6 7. O-O Bd6 8. d4 b6
9. Ba3 Bxa3 10. Nxa3 Qe7 11. Nc2 Ne4 12. Qd3 a5 13. Rfc1 Ba6 14. Nd2 Ndf6 15.
f3 Nd6 16. e4 Nh5 17. e5 Nf4 18. Qe3 Qg5 19. g3 Nf5 20. Qxf4 h6 21. Qxg5 hxg5
22. Kg2 O-O-O 23. Bd3 dxc4 24. Bxf5 exf5 25. Nxc4 Kc7 26. Nd6 Rd7 27. b4 g6 28.
a4 Rxd6 29. exd6+ Kxd6 30. Re1 Bd3 31. Rac1 g4 32. fxg4 Be4+ 33. Kg1 Kd5 34.
gxf5 gxf5 35. bxa5 bxa5 36. Na3 Rb8 37. Nc4 Rb4 38. Nxa5 Rb2 39. Rxe4 fxe4 40.
h4 Kxd4 41. Nxc6+ Ke3 42. Ne5 Kd2 43. Nc4+ Kxc1 44. Nxb2 Kxb2 45. Kf2 1-0

[Event "Championnat de France - Open D"]
[Site "Belfort - SNPHHUATVS"]
[Date "2010.08.20"]
[Round "10.8"]
[White "Moutarlier, Laure"]
[Black "Gobbe, David"]
[Result "0-1"]
[WhiteElo "1390"]
[BlackElo "1480"]
[PlyCount "28"]
[EventDate "2010.??.??"]

1. e4 e5 2. Nf3 f5 3. d3 Nc6 4. Nc3 Nf6 5. Bg5 h6 6. Bh4 g5 7. Bg3 f4 8. h4
fxg3 9. hxg5 gxf2+ 10. Kxf2 Ng4+ 11. Ke2 Nd4+ 12. Nxd4 exd4 13. Nb5 c6 14. Nxd4
Qxg5 0-1

[Event "Championnat de France - Open D"]
[Site "Belfort - SNPHHUATVS"]
[Date "2010.08.20"]
[Round "10.9"]
[White "Rambeaux, Eric"]
[Black "Belluire, Beatrice"]
[Result "0-1"]
[WhiteElo "1430"]
[BlackElo "1410"]
[PlyCount "38"]
[EventDate "2010.??.??"]

1. d4 f5 2. Bf4 Nf6 3. Nf3 g6 4. Nbd2 Bg7 5. e3 O-O 6. Bc4+ e6 7. Qe2 d5 8. Bb3
Nbd7 9. O-O-O c5 10. Be5 Nxe5 11. Nxe5 c4 12. Ndxc4 dxc4 13. Qxc4 Qe7 14. h3
Ne4 15. Nd3 Bd7 16. f3 Rfc8 17. Nc5 Nf2 18. d5 Nxh1 19. Nxd7 Rxc4 0-1

[Event "Championnat de France - Open D"]
[Site "Belfort - SNPHHUATVS"]
[Date "2010.08.20"]
[Round "10.10"]
[White "Carre, Pierre-Jean"]
[Black "Camuzeaux, Jules"]
[Result "1-0"]
[WhiteElo "1310"]
[BlackElo "1430"]
[PlyCount "53"]
[EventDate "2010.??.??"]

1. e4 c6 2. Nc3 d5 3. exd5 cxd5 4. d4 Nc6 5. Nf3 Bf5 6. Bb5 Qb6 7. Nxd5 Qd8 8.
c4 e6 9. Ne3 a6 10. Bxc6+ bxc6 11. O-O Be4 12. Ng4 Nf6 13. Bg5 Be7 14. Nxf6+
Bxf6 15. Bxf6 Qxf6 16. Ne5 c5 17. Qa4+ Ke7 18. Qd7+ Kf8 19. Qd6+ Ke8 20. Qxc5
Qg5 21. f3 Bb7 22. Qc7 Qe7 23. Qb6 Rc8 24. c5 Qc7 25. Qb3 f6 26. Qxe6+ Kf8 27.
Nd7+ 1-0

[Event "Championnat de France - Open D"]
[Site "Belfort - SNPHHUATVS"]
[Date "2010.08.21"]
[Round "11.1"]
[White "Fissore, Alexis"]
[Black "Vasilescu, Viorica"]
[Result "1-0"]
[WhiteElo "1499"]
[BlackElo "1428"]
[PlyCount "43"]

1. e4 e6 2. b3 d5 3. Bb2 Nf6 4. e5 Nfd7 5. f4 c5 6. Nf3 Be7 7. Nc3 a6 8. Bd3 b5
9. O-O h6 10. f5 c4 11. fxe6 fxe6 12. Bg6+ Kf8 13. Nd4+ Kg8 14. Bf7+ Kh7 15.
Nxe6 Qb6+ 16. Kh1 Nxe5 17. Nxd5 Qd6 18. Ndc7 Bxe6 19. Nxe6 Nxf7 20. Rxf7 Rg8
21. Qg4 Bf8 22. Nxf8+ 1-0

[Event "Championnat de France - Open D"]
[Site "Belfort - SNPHHUATVS"]
[Date "2010.08.21"]
[Round "11.2"]
[White "Faure, Baptiste"]
[Black "Baillie, Andre"]
[Result "1-0"]
[WhiteElo "1460"]
[BlackElo "1468"]
[PlyCount "41"]

1. e4 c6 2. Nf3 d5 3. Nc3 d4 4. Ne2 c5 5. c3 Nc6 6. cxd4 cxd4 7. Qa4 Bd7 8.
Nexd4 e5 9. Nxc6 Bxc6 10. Bb5 Qc7 11. Nxe5 Rc8 12. Bxc6+ bxc6 13. d4 Bd6 14.
Nf3 Kd8 15. e5 Be7 16. O-O Bf8 17. Bd2 Qb7 18. Ba5+ Kd7 19. d5 Ne7 20. Rad1 Qb5
21. dxc6+ 1-0

[Event "Championnat de France - Open D"]
[Site "Belfort - SNPHHUATVS"]
[Date "2010.08.21"]
[Round "11.3"]
[White "Ottl, Eric"]
[Black "Gobbe, David"]
[Result "0-1"]
[WhiteElo "1410"]
[BlackElo "1480"]
[PlyCount "104"]

1. e4 e6 2. d4 d5 3. e5 c5 4. c3 Bd7 5. Be2 Qb6 6. Nf3 Bb5 7. O-O Bxe2 8. Qxe2
Nc6 9. Qd1 cxd4 10. cxd4 Nge7 11. Na3 Nf5 12. Nc2 Be7 13. b3 O-O 14. Bb2 Rac8
15. Rc1 Rc7 16. Qd3 Rfc8 17. Rfd1 Na5 18. Nce1 Nc4 19. Qe2 Na3 20. Rxc7 Rxc7
21. Rd2 a5 22. Qd3 Nb5 23. Rc2 Rc6 24. a4 Na3 25. Rc1 Rxc1 26. Bxc1 Qb4 27. Nc2
Nxc2 28. Qxc2 Nxd4 29. Qd3 Nxf3+ 30. gxf3 Qe1+ 31. Qf1 Qxf1+ 32. Kxf1 Kf8 33.
Bd2 b6 34. Ke2 Ke8 35. Kd3 Bc5 36. Be3 Bxe3 37. fxe3 Kd7 38. Kd4 Kc6 39. f4 b5
40. h3 bxa4 41. bxa4 g6 42. h4 h5 43. e4 dxe4 44. Kxe4 Kc5 45. Ke3 Kb4 46. Kd4
Kxa4 47. Kc4 Ka3 48. Kc3 a4 49. Kc2 Kb4 50. Kb2 Kc4 51. Ka3 Kd4 52. Kxa4 Ke4
0-1

[Event "Championnat de France - Open D"]
[Site "Belfort - SNPHHUATVS"]
[Date "2010.08.21"]
[Round "11.4"]
[White "Belluire, Beatrice"]
[Black "Sonet, Kelly"]
[Result "0-1"]
[WhiteElo "1410"]
[BlackElo "1430"]
[PlyCount "134"]

1. e4 e5 2. Bc4 Be7 3. Nf3 Nc6 4. O-O Nf6 5. d3 O-O 6. Nc3 d6 7. Bg5 Bg4 8. h3
Bh5 9. Nb1 h6 10. Bh4 Na5 11. Nbd2 Nxc4 12. Nxc4 c6 13. c3 Qc7 14. Re1 b5 15.
Ncd2 Rad8 16. d4 exd4 17. cxd4 c5 18. d5 Rfe8 19. Qc2 Nd7 20. Bxe7 Rxe7 21. Nd4
Qb6 22. Nf5 Ree8 23. g4 Bg6 24. Qc3 Bxf5 25. exf5 Nf6 26. Qf3 Qb7 27. Rad1 Qxd5
28. Qxd5 Nxd5 29. Rxe8+ Rxe8 30. Nf3 Nf4 31. Rxd6 Nxh3+ 32. Kg2 Nf4+ 33. Kg3
Ne2+ 34. Kg2 Nc1 35. Rc6 c4 36. Kg3 Nxa2 37. Nd4 Nb4 38. Rc7 a6 39. Ra7 Rd8 40.
Nf3 f6 41. Kf4 Nd3+ 42. Ke3 Nxb2 43. Rxa6 c3 44. Rc6 b4 45. Nd4 Nd1+ 46. Kd3
Nxf2+ 47. Kc4 Nxg4 48. Nc2 Ne5+ 49. Kxb4 Nxc6+ 50. Kxc3 Ne5 51. Ne1 Kf7 52. Kc2
Nc4 53. Kc3 Ne3 54. Nd3 Nxf5 55. Kd2 Re8 56. Nf4 g5 57. Nh5 g4 58. Nf4 g3 59.
Kd1 Re4 60. Ng2 Ne3+ 61. Nxe3 Rxe3 62. Kd2 Re8 63. Kd3 g2 64. Kd4 g1=Q+ 65. Kd3
Qd1+ 66. Kc4 Rc8+ 67. Kb5 Qb1+ 0-1

[Event "Championnat de France - Open D"]
[Site "Belfort - SNPHHUATVS"]
[Date "2010.08.21"]
[Round "11.5"]
[White "Valentin, Olivier"]
[Black "Ragon, Philippe"]
[Result "0-1"]
[WhiteElo "1430"]
[BlackElo "1400"]
[PlyCount "130"]

1. e4 e6 2. d4 d5 3. e5 c5 4. c3 Qb6 5. dxc5 Bxc5 6. Qc2 Qc7 7. Nf3 Ne7 8. Bd3
Nbc6 9. Bf4 h6 10. O-O O-O 11. Nbd2 Ng6 12. Bxg6 fxg6 13. Bg3 g5 14. Nb3 b6 15.
Nxc5 bxc5 16. b4 cxb4 17. cxb4 Ba6 18. Rfb1 Bc4 19. Qg6 Rf5 20. Qxe6+ Rf7 21.
Qg6 Ne7 22. Qh5 Qb6 23. Qg4 Nf5 24. Re1 g6 25. a3 Re8 26. h4 Nxg3 27. Qxg3 gxh4
28. Qxh4 Kg7 29. Nd4 g5 30. Qg4 Rf4 31. Qd7+ Kf8 32. e6 Qxd4 33. e7+ Kf7 34.
Qe6+ Kg7 35. Kh1 Qxf2 36. Qe5+ Kg6 37. Qe6+ Kh5 38. Re3 Rh4+ 39. Rh3 Rxh3+ 40.
Qxh3+ Qh4 41. Re1 Qxh3+ 42. gxh3 Kg6 43. Re6+ Kg7 44. Kh2 a6 45. Kg3 Kf7 46.
Rxh6 Rxe7 47. Kg4 Re5 48. a4 d4 49. Rd6 Rd5 50. Rc6 Be2+ 51. Kg3 d3 52. b5 axb5
53. axb5 Rxb5 54. h4 gxh4+ 55. Kf2 Rf5+ 56. Ke1 h3 57. Rh6 Rh5 58. Ra6 h2 59.
Ra7+ Kg6 60. Ra6+ Kg5 61. Ra5+ Kg4 62. Ra4+ Kg3 63. Kd2 h1=Q 64. Ra8 Kf4 65.
Ra1 Rh2 0-1

[Event "Championnat de France - Open D"]
[Site "Belfort - SNPHHUATVS"]
[Date "2010.08.21"]
[Round "11.6"]
[White "Sauvage, Thierry"]
[Black "Finkel, Anne-Sophie"]
[Result "0-1"]
[WhiteElo "1466"]
[BlackElo "1390"]
[PlyCount "60"]

1. d4 Nf6 2. b3 g6 3. Bb2 Bg7 4. e3 O-O 5. Bd3 c5 6. c4 Nc6 7. d5 Nb4 8. f4
Nxd3+ 9. Qxd3 d6 10. Nf3 Qa5+ 11. Bc3 Qb6 12. Nbd2 a5 13. O-O a4 14. e4 Re8 15.
f5 Bd7 16. Kh1 Qa6 17. fxg6 fxg6 18. Ng5 b6 19. Qc2 b5 20. Ndf3 bxc4 21. e5
Nxd5 22. Bd2 cxb3 23. axb3 Nb4 24. Bxb4 cxb4 25. e6 Bb5 26. Rf2 Bxa1 27. Nf7
Bg7 28. N3g5 axb3 29. Qb1 Qa1 30. Rf1 Bxf1 0-1

[Event "Championnat de France - Open D"]
[Site "Belfort - SNPHHUATVS"]
[Date "2010.08.21"]
[Round "11.7"]
[White "Delzant, Pierre-Richard"]
[Black "Santacreu, Antoine"]
[Result "0-1"]
[WhiteElo "1380"]
[BlackElo "1460"]
[Annotator "Rivier,Sylvain"]
[PlyCount "36"]

1. c4 e5 2. Nc3 Nc6 3. Nf3 d6 4. d4 exd4 5. Nxd4 Nf6 6. g3 Be7 7. Bg2 Bd7 8.
O-O Qc8 9. Re1 Bh3 10. Bxc6+ bxc6 11. Nxc6 Qb7 12. Nd5 Qxc6 13. b3 Nxd5 14.
cxd5 Qd7 15. Bb2 f6 16. e4 h5 17. Qd3 h4 18. Re3 hxg3 {suite illisible} 0-1

[Event "Championnat de France - Open D"]
[Site "Belfort - SNPHHUATVS"]
[Date "2010.08.21"]
[Round "11.8"]
[White "Benezra, David"]
[Black "Kron, Eliot"]
[Result "1-0"]
[WhiteElo "1400"]
[BlackElo "1370"]
[PlyCount "62"]

1. e4 e6 2. Nf3 d5 3. e5 f6 4. d4 c5 5. c3 Nc6 6. Bd3 Qb6 7. c4 dxc4 8. Bxc4
cxd4 9. O-O Nxe5 10. Nxe5 fxe5 11. Qh5+ Kd8 12. Qxe5 Nf6 13. b3 Bd6 14. Qg5 Qc7
15. Qh4 e5 16. Re1 Bf5 17. Bb2 h6 18. f3 g5 19. Qf2 Rf8 20. Qd2 Qb6 21. Kh1 Bb4
22. Bc3 Bxc3 23. Nxc3 Qb4 24. Rxe5 Qxc3 25. Qxc3 dxc3 26. Rxf5 Rc8 27. Rd1+ Kc7
28. Rc5+ Kb8 29. Rxc8+ Kxc8 30. Rc1 Re8 31. Kg1 Re2 1-0

[Event "Championnat de France - Open D"]
[Site "Belfort - SNPHHUATVS"]
[Date "2010.08.21"]
[Round "11.9"]
[White "Rambeaux, Solene"]
[Black "Carre, Pierre-Jean"]
[Result "1-0"]
[WhiteElo "1500"]
[BlackElo "1310"]
[PlyCount "67"]

1. d4 Nf6 2. c4 d5 3. b3 Nc6 4. Nf3 Bg4 5. e3 e5 6. Be2 e4 7. Nh4 Bxe2 8. Qxe2
Nb4 9. O-O c5 10. Qd1 b6 11. Na3 g6 12. Nc2 Nc6 13. f3 Bg7 14. Bb2 O-O 15. Qd2
exf3 16. Nxf3 Ne4 17. Qd3 Re8 18. Nd2 Nxd2 19. Qxd2 Re4 20. Rad1 Qd6 21. dxc5
bxc5 22. Bxg7 Kxg7 23. cxd5 Nb4 24. Nxb4 cxb4 25. Rc1 Rae8 26. Rc6 Qd7 27. Qb2+
Kg8 28. Qf6 Qxd5 29. Rd6 Qb7 30. Rfd1 Rxe3 31. Rd7 Re1+ 32. Rxe1 Rxe1+ 33. Kf2
Qb6+ 34. Qxb6 1-0

[Event "Championnat de France - Open D"]
[Site "Belfort - SNPHHUATVS"]
[Date "2010.08.21"]
[Round "11.10"]
[White "Legrand, Vincent"]
[Black "Mesas, Michel"]
[Result "1-0"]
[WhiteElo "1387"]
[BlackElo "1490"]
[PlyCount "43"]

1. e4 Nf6 2. e5 Nd5 3. Nc3 Nxc3 4. dxc3 Nc6 5. Nf3 g6 6. Bc4 Bg7 7. Bf4 O-O 8.
Qe2 Na5 9. O-O-O c6 10. a3 b5 11. Ba2 Nb7 12. Ng5 a5 13. Nxf7 Rxf7 14. e6 Rxf4
15. exd7+ Kh8 16. dxc8=Q Qxc8 17. Qxe7 Nd8 18. Rd7 Rf7 19. Qe8+ Rf8 20. Qe7 Nf7
21. Bxf7 Rxf7 22. Qxf7 1-0